| 000 | 00642nam a2200217Ia 4500 | ||
|---|---|---|---|
| 999 |
_c54414 _d54414 |
||
| 001 | 21470 | ||
| 003 | GE_BSU | ||
| 005 | 20240206143709.0 | ||
| 008 | 181216s ||||enk|||||||||||||| ||eng|| | ||
| 020 | _a9780470431313x | ||
| 040 | _cGE_BSU | ||
| 080 | _a004.7 S 70 | ||
| 100 |
_aSosinsky, Barrie _912948 |
||
| 245 |
_aNetworking Bible / _cBarrie Sosinsky. |
||
| 264 |
_aUSA : _bWiley Publishing, _c2009. |
||
| 300 |
_a890 p. ; _c25 cm. |
||
| 653 | _aNetworking Bible | ||
| 653 | _aИнформационные технологии | ||
| 653 | _aსაინფორმაციო ტექნოლოგიები | ||
| 942 |
_cBK _2udc |
||